| 000 | 00518nam a22001937a 4500 | ||
|---|---|---|---|
| 008 | 150617b xxu||||| |||| 00| 0 eng d | ||
| 020 | _a9789814355131 | ||
| 020 | _a9814355135 | ||
| 041 | 0 | _aeng | |
| 080 | _a336 | ||
| 100 | 1 | _aBianconi, Marcelo, | |
| 245 | 1 | 0 |
_aFinancial economics, risk and information / _cMarcelo Bianconi. |
| 250 | _a2nd ed. | ||
| 260 |
_aSingapore ; _bWorld Scientific, _c2012. |
||
| 300 |
_a475 f. : _bme il.; _c23 cm. |
||
| 500 | _aIndex: f.467-475 | ||
| 650 | 0 | _aFinance | |
| 942 |
_2udc _cBK |
||
| 999 |
_c1047 _d1047 |
||